00211nam a2200085Ia 4500008004100000041000800041100001700049245002800066260003100094231212s1974 xx 000 0 und d aeng aMileat Harry aBasic Eletronics Vol- 1 aBombaybD.B. Tarapurc1974